000 00402nam a2200169Ia 4500
005 20240823011907.0
008 240823s9999||||xx |||||||||||||| ||und||
082 _A658.15 P2
100 _aAswath Damodaran
245 0 _aCorporate Finance
250 _a1st
260 _c2002
_b"John Wiley,New York"
500 _aYES
650 _aManagement
_bManagement Studies
942 _cBK
999 _c162851
_d162851